01325nam a2200301 a 4500001001200000003000800012006001900020007001500039008004100054020001800095020002700113040002100140035002100161050002800182100003100210245009800241260004900339300002700388504005100415505014900466533015200615650004000767650002600807650001800833655002900851710001700880856012600897ebr10575572CaPaEBRm u cr cn|||||||||120713s2012 njua sb 001 0 eng d z9781118004173 z9781118135037 (e-book) aCaPaEBRcCaPaEBR a(OCoLC)79579536214aQA76.76.D47bP37 2012eb1 aParreiras, Fernando Silva.10aSemantic web and model-driven engineeringh[electronic resource] /cFernando Silva Parreiras. aHoboken, N.J. :bWiley :bIEEE Press,c2012. axxviii, 236 p. :bill. aIncludes bibliographical references and index.0 apt. 1. Fundamentals -- pt. 2. The TwoUse approach -- pt. 3. Applications in model-driven engineering -- pt. 4. Applications in the semantic web. aElectronic reproduction.bPalo Alto, Calif. :cebrary,d2011.nAvailable via World Wide Web.nAccess may be limited to ebrary affiliated libraries. 0aModel-driven software architecture. 0aSoftware engineering. 0aSemantic Web. 7aElectronic books.2local2 aebrary, Inc.40uhttp://site.ebrary.com/lib/rucke/Doc?id=10575572zAn electronic book accessible through the World Wide Web; click to view